LIBRARY & INFORMATION CENTRE, KCAET, TAVANUR

ONLINE PUBLIC ACCESS CATALOGUE (OPAC)

Critical history of english poetry / (Record no. 2698)

MARC details
000 -LEADER
fixed length control field 00435cam a2200169ua 4500
041 ## - LANGUAGE CODE
Language code of text/sound track or separate title eng
082 ## - DEWEY DECIMAL CLASSIFICATION NUMBER
Classification number 828.09
Item number GRI/CR
100 ## - MAIN ENTRY--AUTHOR NAME
Personal name Grierson, Herbert J.C.
245 ## - TITLE STATEMENT
Title Critical history of english poetry /
260 ## - PUBLICATION, DISTRIBUTION, ETC. (IMPRINT)
Place of publication London :
Name of publisher Chatto and winds ,
Year of publication 1962.
300 ## - PHYSICAL DESCRIPTION
Number of Pages 539 ; .
942 ## - ADDED ENTRY ELEMENTS (KOHA)
Koha item type Books
Holdings
Withdrawn status Lost status Damaged status Home library Current library Date acquired Cost, normal purchase price Full call number Accession Number Koha item type Public note
Withdrawn     KAUAET Sanskrit University 07/04/2012 30.00 828.09 6970 Books Transferred to Sanskrit University
Withdrawn     KAUAET Sanskrit University 07/04/2012   828.09 11876 Books  
Withdrawn     KAUAET Sanskrit University 07/04/2012   828.09 5451 Books  
free website counter